000 00366cam a2200145ua 4500
041 _aeng
_h
082 _a425
_bSTR/MO
100 _aStrang, Barbara M.H .
245 _aModern English structure /
_cM.H Barbara Strang.
_hTextual Documents
260 _a :
_bEdward Arnold Pub Ltd ,
_c1962.
300 _a201 ; .
504 _a
942 _cBK
999 _c5770
_d5770